[Event "13. Int. Neckar-Open"]
[Site "Deizisau"]
[Date "2009.??.??"]
[Round "4"]
[White "Fedorchuk, Sergey"]
[Black "Kasparov, Sergey"]
[Result "1-0"]
[WhiteElo "2656"]
[BlackElo "2476"]
[PlyCount "73"]
[EventDate "2009.??.??"]
[EventCountry "GER"]

1. e4 c6 2. Ne2 d5 3. e5 e6 4. d4 b6 5. Ng3 g6 6. Nd2 Ba6 7. Bxa6 Nxa6 8. Nf3
Qd7 9. h4 h5 10. Bg5 Be7 11. Qe2 Nc7 12. c4 Bxg5 13. Nxg5 Nh6 14. Rc1 O-O-O 15.
O-O Kb7 16. a4 Nf5 17. Nxf5 exf5 18. b4 Ne6 19. Nxe6 fxe6 20. c5 Rc8 21. Rc3
Rc7 22. Rb1 Rhc8 23. b5 cxb5 24. axb5 Kb8 25. Qa2 bxc5 26. b6 Rb7 27. bxa7+ Ka8
28. Rxb7 Qxb7 29. dxc5 Qb4 30. Rb3 Qe1+ 31. Kh2 Qxe5+ 32. g3 f4 33. c6 fxg3+
34. fxg3 Qc7 35. Qa6 Rf8 36. Rb7 Rf2+ 37. Kh3 1-0

[Event "13. Int. Neckar-Open"]
[Site "Deizisau"]
[Date "2009.??.??"]
[Round "4"]
[White "Dziuba, Marcin"]
[Black "Berger, Steve"]
[Result "1-0"]
[WhiteElo "2535"]
[BlackElo "2413"]
[PlyCount "99"]
[EventDate "2009.??.??"]
[EventCountry "GER"]

1. d4 g6 2. c4 Bg7 3. e4 d6 4. Nc3 e5 5. Nf3 Nc6 6. Bg5 f6 7. Be3 Nh6 8. dxe5
dxe5 9. Qxd8+ Kxd8 10. O-O-O+ Bd7 11. h3 Kc8 12. c5 Be6 13. Nd5 Nf7 14. Bc4 Re8
15. Nd2 Ncd8 16. f4 c6 17. Nc3 Bh6 18. Rhf1 exf4 19. Bxf4 Bxf4 20. Rxf4 Ne5 21.
Be2 Nd7 22. Nc4 Bxc4 23. Bxc4 Ne6 24. Rh4 h5 25. b4 a5 26. Rd6 Ng7 27. b5 g5
28. bxc6 bxc6 29. Rxc6+ Kb8 30. e5 gxh4 31. exf6 Nf5 32. Be6 Nd4 33. Bxd7 Re1+
34. Kd2 Nxc6 35. Kxe1 Ne5 36. Bf5 Ra6 37. Ne4 Kc7 38. Kd2 Kc6 39. Ke3 Kd5 40.
Bh7 Nd7 41. Bg8+ Ke5 42. Bc4 Rc6 43. f7 Nf8 44. Bb5 Rc7 45. Be8 Kd5 46. Kf4 Rb7
47. Kf5 Re7 48. Ng5 Re2 49. Kf6 Kxc5 50. Kg7 1-0

[Event "13. Int. Neckar-Open"]
[Site "Deizisau"]
[Date "2009.??.??"]
[Round "4"]
[White "Boguslavskyy, Oleg"]
[Black "Olszewski, Michal"]
[Result "1-0"]
[WhiteElo "2415"]
[BlackElo "2538"]
[PlyCount "111"]
[EventDate "2009.??.??"]
[EventCountry "GER"]

1. e4 c5 2. Nf3 d6 3. d4 cxd4 4. Nxd4 Nf6 5. Nc3 a6 6. Be3 e5 7. Nb3 Be7 8. f3
Be6 9. Qd2 O-O 10. O-O-O a5 11. Bb5 Na6 12. Kb1 Nc7 13. g4 Nxb5 14. Nxb5 Ne8
15. h4 Bc4 16. Nc3 b5 17. Nd5 Bxd5 18. Qxd5 Qb8 19. Nc1 Nc7 20. Qd3 a4 21. Ne2
b4 22. c4 Qb7 23. Ng3 Ne6 24. Nf5 Rfd8 25. Qd5 Rab8 26. Rh2 Bf8 27. Qxb7 Rxb7
28. Rhd2 b3 29. c5 bxa2+ 30. Kxa2 Rdb8 31. cxd6 g6 32. Nh6+ Kg7 33. g5 Nd8 34.
Ng4 Nc6 35. d7 Be7 36. Nxe5 Nxe5 37. Bd4 f6 38. gxf6+ Bxf6 39. Bxe5 Bxe5 40.
d8=Q Rxd8 41. Rxd8 Rxb2+ 42. Ka3 Rb3+ 43. Kxa4 Rxf3 44. R1d7+ Kh6 45. Re8 Bg3
46. Rh8 Kh5 47. Rhxh7+ Kg4 48. Rdg7 Rf4 49. Rxg6+ Kf3 50. h5 Rxe4+ 51. Kb5 Rh4
52. Rf7+ Bf4 53. h6 Ke4 54. h7 Be5 55. Kc6 Rh5 56. Re6 1-0

[Event "13. Int. Neckar-Open"]
[Site "Deizisau"]
[Date "2009.??.??"]
[Round "4"]
[White "Rau, Hannes"]
[Black "Peralta, Fernando"]
[Result "1/2-1/2"]
[WhiteElo "2425"]
[BlackElo "2559"]
[PlyCount "130"]
[EventDate "2009.??.??"]
[EventCountry "GER"]

1. d4 d5 2. c4 c6 3. Nf3 Nf6 4. e3 Bg4 5. Nc3 e6 6. h3 Bxf3 7. Qxf3 Bd6 8. Bd3
O-O 9. Bd2 Nbd7 10. cxd5 exd5 11. g4 Bb4 12. g5 Bxc3 13. Bxc3 Ne4 14. Bxe4 dxe4
15. Qxe4 Qxg5 16. O-O-O Nf6 17. Qe5 Qh4 18. Rhg1 Rfe8 19. Qf5 g6 20. Be1 Nd5
21. Qg4 Qe7 22. h4 Rac8 23. Kb1 Qe4+ 24. Qxe4 Rxe4 25. h5 Kg7 26. Bd2 Rh4 27.
Rh1 Rxh1 28. Rxh1 f5 29. hxg6 hxg6 30. Kc2 Re8 31. Kd3 g5 32. f3 Nf6 33. Re1
Rh8 34. Rg1 Kg6 35. e4 fxe4+ 36. fxe4 Rh3+ 37. Be3 g4 38. a3 Kf7 39. Rf1 Kg6
40. Rg1 g3 41. d5 cxd5 42. exd5 Nxd5 43. Bxa7 Kf5 44. Kc4 Nf4 45. Bb8 Rh8 46.
Bd6 Rd8 47. Bc5 Kg4 48. Kb5 Nd3 49. b4 Nxc5 50. bxc5 Rd2 51. Kb6 Rb2+ 52. Kc7
Rb5 53. a4 Rb4 54. a5 Rb5 55. c6 bxc6 56. a6 Ra5 57. Kb7 Kf3 58. Rf1+ Ke3 59.
Rf6 g2 60. Rg6 Kf2 61. Rf6+ Kg3 62. Rg6+ Kh3 63. a7 c5 64. Rh6+ Kg3 65. Rg6+
Kh3 1/2-1/2

[Event "13. Int. Neckar-Open"]
[Site "Deizisau"]
[Date "2009.??.??"]
[Round "4"]
[White "Milov, Leonid"]
[Black "Klovans, Janis"]
[Result "0-1"]
[WhiteElo "2539"]
[BlackElo "2415"]
[PlyCount "138"]
[EventDate "2009.??.??"]
[EventCountry "GER"]

1. e4 e5 2. Nf3 Nc6 3. Bb5 a6 4. Ba4 d6 5. O-O Bd7 6. d4 Nxd4 7. Bxd7+ Qxd7 8.
Nxd4 exd4 9. Qxd4 Nf6 10. Nc3 Be7 11. Bg5 h6 12. Bh4 Qg4 13. Bg3 O-O 14. Rad1
Rae8 15. h3 Qe6 16. Bh2 Bd8 17. Rfe1 Qc8 18. f4 Re6 19. e5 dxe5 20. fxe5 Nh7
21. Nd5 Rc6 22. c3 Re8 23. Rf1 Nf8 24. Rf3 Ng6 25. Rdf1 Rf8 26. Bg3 Re6 27. Kh1
Ree8 28. Rf5 Qe6 29. b3 c6 30. Ne3 Bc7 31. Nc4 f6 32. Qg4 fxe5 33. Rxf8+ Nxf8
34. Qh5 Ng6 35. Re1 Rf8 36. Kh2 Qf5 37. Qe2 Nf4 38. Qe4 Nd3 39. Qxf5 Rxf5 40.
Rd1 Nf4 41. Rd7 Rf7 42. Rd2 e4 43. Rd1 Ne2 44. Bxc7 Rxc7 45. Rd8+ Kf7 46. a4
Nxc3 47. a5 Re7 48. Kg1 Ne2+ 49. Kf2 Nc1 50. b4 Nd3+ 51. Ke3 Nxb4 52. Nd6+ Kg6
53. Nxe4 c5 54. Kf3 c4 55. Rc8 Nc6 56. Nd6 c3 57. Nxb7 Nd4+ 58. Kf2 Rxb7 59.
Rxc3 Rb2+ 60. Ke3 Nf5+ 61. Kf4 Rf2+ 62. Ke5 Rxg2 63. Rc6+ Kg5 64. Rxa6 Rh2 65.
Ra8 Rxh3 66. a6 Ra3 67. Ke4 g6 68. Ke5 h5 69. Ke4 h4 0-1

[Event "13. Int. Neckar-Open"]
[Site "Deizisau"]
[Date "2009.??.??"]
[Round "5"]
[White "Zaragatski, Ilja"]
[Black "Braun, Arik"]
[Result "1/2-1/2"]
[WhiteElo "2428"]
[BlackElo "2564"]
[PlyCount "23"]
[EventDate "2009.??.??"]
[EventCountry "GER"]

1. Nf3 d5 2. c4 c6 3. d4 Nf6 4. Nc3 a6 5. cxd5 cxd5 6. Bf4 Nc6 7. Rc1 Nh5 8.
Bd2 Nf6 9. Bf4 Nh5 10. Bd2 Nf6 11. Bf4 Nh5 12. Bd2 1/2-1/2

[Event "13. Int. Neckar-Open"]
[Site "Deizisau"]
[Date "2009.??.??"]
[Round "5"]
[White "Klovans, Janis"]
[Black "Dziuba, Marcin"]
[Result "1/2-1/2"]
[WhiteElo "2415"]
[BlackElo "2535"]
[PlyCount "38"]
[EventDate "2009.??.??"]
[EventCountry "GER"]

1. e4 c5 2. Nf3 d6 3. d4 cxd4 4. Nxd4 Nf6 5. Nc3 a6 6. Be2 e5 7. Nb3 Be7 8. O-O
O-O 9. a4 Be6 10. f4 exf4 11. Bxf4 Nc6 12. Kh1 d5 13. e5 Nd7 14. Nxd5 Ndxe5 15.
c4 Bg5 16. Nc5 Bxf4 17. Rxf4 Qg5 18. Qd2 Qh6 19. Rd1 Rab8 1/2-1/2

[Event "13. Int. Neckar-Open"]
[Site "Deizisau"]
[Date "2009.??.??"]
[Round "5"]
[White "Erdos, Viktor"]
[Black "Stark, Lars"]
[Result "1/2-1/2"]
[WhiteElo "2581"]
[BlackElo "2438"]
[PlyCount "65"]
[EventDate "2009.??.??"]
[EventCountry "GER"]

1. d4 Nf6 2. c4 e6 3. Nc3 Bb4 4. Qc2 O-O 5. Nf3 d6 6. Bg5 h6 7. Bh4 Nc6 8. e3
Qe7 9. Be2 e5 10. d5 Nb8 11. Nd2 Re8 12. Bxf6 gxf6 13. g4 e4 14. O-O-O Bxc3 15.
Qxc3 Nd7 16. h4 a5 17. g5 Qe5 18. Qxe5 Rxe5 19. Rdg1 fxg5 20. hxg5 hxg5 21. f4
exf3 22. Nxf3 f6 23. Nxe5 Nxe5 24. Rf1 Kg7 25. Kd2 Bd7 26. Bd3 Nxd3 27. Kxd3
Be8 28. e4 Bg6 29. Re1 b6 30. Re3 Re8 31. Kd4 Re5 32. b3 g4 33. Rh4 1/2-1/2

[Event "13. Int. Neckar-Open"]
[Site "Deizisau"]
[Date "2009.??.??"]
[Round "5"]
[White "Malakhatko, Vadim"]
[Black "Orzech, Dominik"]
[Result "1/2-1/2"]
[WhiteElo "2618"]
[BlackElo "2461"]
[PlyCount "36"]
[EventDate "2009.??.??"]
[EventCountry "GER"]

1. d4 d5 2. c4 c6 3. Nc3 Nf6 4. e3 e6 5. Nf3 Nbd7 6. Bd3 Be7 7. O-O O-O 8. b3
b6 9. Bb2 Bb7 10. Qe2 Qc7 11. Rac1 Rad8 12. Bb1 Qb8 13. Rfd1 Rfe8 14. e4 dxe4
15. Nxe4 c5 16. dxc5 bxc5 17. Bc3 Qf4 18. Bb2 Qb8 1/2-1/2

[Event "13. Int. Neckar-Open"]
[Site "Deizisau"]
[Date "2009.??.??"]
[Round "5"]
[White "Rusev, Krasimir"]
[Black "Fedorchuk, Sergey"]
[Result "0-1"]
[WhiteElo "2498"]
[BlackElo "2656"]
[PlyCount "66"]
[EventDate "2009.??.??"]
[EventCountry "GER"]

1. d4 Nf6 2. c4 e6 3. Nf3 b6 4. a3 Bb7 5. Nc3 d5 6. cxd5 Nxd5 7. Qc2 Be7 8. e4
Nxc3 9. bxc3 O-O 10. Bd3 c5 11. O-O Qc7 12. Qe2 Nd7 13. Bb2 Rac8 14. Nd2 Bg5
15. a4 Rfd8 16. g3 Bxd2 17. Qxd2 Ne5 18. f3 f5 19. Rae1 Nxd3 20. Qxd3 fxe4 21.
fxe4 Qd7 22. Qf3 Ba6 23. Rf2 Rf8 24. Qe3 Rxf2 25. Qxf2 Qxa4 26. d5 Rf8 27. Qd2
Bc4 28. dxe6 Qe8 29. Qd7 Qxe6 30. Qxe6+ Bxe6 31. Bc1 Rf3 32. Be3 Bh3 33. c4 Kf7
0-1

[Event "13. Int. Neckar-Open"]
[Site "Deizisau"]
[Date "2009.??.??"]
[Round "5"]
[White "Naiditsch, Arkadij"]
[Black "Boguslavskyy, Oleg"]
[Result "1-0"]
[WhiteElo "2700"]
[BlackElo "2415"]
[PlyCount "73"]
[EventDate "2009.??.??"]
[EventCountry "GER"]

1. e4 d5 2. exd5 Qxd5 3. Nc3 Qd6 4. d4 Nf6 5. Nf3 c6 6. Ne5 Nbd7 7. Nc4 Qc7 8.
Qf3 Nb6 9. Bf4 Qd8 10. Be5 Be6 11. Ne3 Qd7 12. O-O-O Bg4 13. Nxg4 Qxg4 14. Qe3
O-O-O 15. Nb5 cxb5 16. Qc3+ Nc4 17. Bxc4 bxc4 18. Qxc4+ Kd7 19. Qa4+ Kc8 20.
Rd3 Ne4 21. Qxa7 f6 22. Rb3 Kd7 23. Re1 Ke8 24. Bc7 Rc8 25. Rxb7 Qg5+ 26. Kb1
Qd5 27. f3 Nd6 28. Bxd6 Qxd6 29. d5 Kf7 30. Rd7 Qb4 31. Qe3 g5 32. d6 Kg6 33.
dxe7 Bg7 34. Qd3+ Kh6 35. c3 Qb6 36. h4 gxh4 37. Rd4 1-0

[Event "13. Int. Neckar-Open"]
[Site "Deizisau"]
[Date "2009.??.??"]
[Round "5"]
[White "Gasthofer, Alexander"]
[Black "Graf, Alexander"]
[Result "0-1"]
[WhiteElo "2441"]
[BlackElo "2601"]
[PlyCount "96"]
[EventDate "2009.??.??"]
[EventCountry "GER"]

1. Nf3 d5 2. g3 Nd7 3. d4 Ngf6 4. Bg2 e6 5. O-O b5 6. a4 b4 7. c4 bxc3 8. Nxc3
Ba6 9. Bf4 c6 10. Rb1 Bb4 11. Na2 Be7 12. Ne5 Nxe5 13. Bxe5 O-O 14. Qd2 Qb6 15.
b3 Rfd8 16. Rfc1 Rac8 17. b4 Ne4 18. Bxe4 dxe4 19. Qc2 Bg5 20. Rd1 f6 21. Bf4
Bxf4 22. gxf4 Rxd4 23. a5 Rxd1+ 24. Rxd1 Qb5 25. Nc3 Qxb4 26. Nxe4 Qc4 27. Qxc4
Bxc4 28. Rd7 Bxe2 29. Nc5 a6 30. Nxe6 Kh8 31. Nc5 h5 32. Ra7 Rd8 33. Nxa6 Rd4
34. Nc5 Rxf4 35. h3 Rc4 36. Ne6 Bf3 37. Kh2 h4 38. Nf8 g5 39. Ng6+ Kg8 40. Ne7+
Kf8 41. Ng6+ Kg8 42. Ne7+ Kf7 43. Nf5+ Kg6 44. Ne7+ Kh5 45. Ra8 Kh6 46. Ng8+
Kg7 47. Nxf6 Rc1 48. Rg8+ Kf7 0-1

[Event "13. Int. Neckar-Open"]
[Site "Deizisau"]
[Date "2009.??.??"]
[Round "5"]
[White "Schlosser, Philipp"]
[Black "Rau, Hannes"]
[Result "1/2-1/2"]
[WhiteElo "2569"]
[BlackElo "2425"]
[PlyCount "121"]
[EventDate "2009.??.??"]
[EventCountry "GER"]

1. c4 Nf6 2. Nf3 e6 3. Nc3 d5 4. d4 Be7 5. g3 O-O 6. Bg2 dxc4 7. Ne5 c5 8. dxc5
Qxd1+ 9. Nxd1 Bxc5 10. O-O Nc6 11. Nxc4 Nd5 12. Bd2 Bd7 13. Nc3 Nxc3 14. Bxc3
Rfd8 15. Na5 Rab8 16. Nxc6 Bxc6 17. Bxc6 bxc6 18. Rfd1 f5 19. Rxd8+ Rxd8 20.
Rc1 Be7 21. e3 Rd5 22. Kf1 Kf7 23. Ke2 g6 24. Bd2 Rc5 25. Rxc5 Bxc5 26. Kd3 Ke7
27. Kc4 Bb6 28. Bb4+ Kd7 29. Bc5 Bxc5 30. Kxc5 Kc7 31. f4 Kd7 32. Kd4 Kd6 33.
b4 Kc7 34. Kc5 Kd7 35. h4 Kc7 36. a3 Kd7 37. Kd4 Kd6 38. e4 h6 39. exf5 exf5
40. h5 gxh5 41. Kc4 Kc7 42. Kc5 a6 43. a4 Kb7 44. Kd6 Kb6 45. Ke5 a5 46. bxa5+
Kxa5 47. Kxf5 $4 (47. Kd6 $18) 47... c5 $11 48. Ke4 c4 49. f5 Kxa4 50. f6 c3
51. f7 c2 52. f8=Q c1=Q 53. Qf4 Qc6+ 54. Kf5+ Kb3 55. Qe3+ Kc2 56. Qe2+ Kc1 57.
Qxh5 Qd5+ 58. Kg6 Qg8+ 59. Kxh6 Qxg3 60. Qg5+ Qxg5+ 61. Kxg5 1/2-1/2

[Event "13. Int. Neckar-Open"]
[Site "Deizisau"]
[Date "2009.??.??"]
[Round "6"]
[White "Spoelman, Wouter"]
[Black "Burg, Twan"]
[Result "1-0"]
[WhiteElo "2512"]
[BlackElo "2362"]
[PlyCount "59"]
[EventDate "2009.??.??"]
[EventCountry "GER"]

1. e4 e6 2. d4 d5 3. Nc3 Bb4 4. e5 Ne7 5. a3 Bxc3+ 6. bxc3 c5 7. h4 Qc7 8. Nf3
h6 9. a4 b6 10. Bb5+ Bd7 11. Bd3 Nbc6 12. O-O c4 13. Be2 f6 14. Ba3 fxe5 15.
dxe5 Nxe5 16. Nd4 Rf8 17. f4 N5g6 18. Bh5 Rf6 19. f5 exf5 20. Qe2 Kd8 21. Rae1
Nc6 22. Qf3 Nxh4 23. Qxd5 Qg3 24. Re8+ Kc7 25. Nb5+ Kb7 26. Qxd7+ Ka6 27. Nc7+
Ka5 28. Qd5+ Kxa4 29. Qb5+ Kxa3 30. Ra1# 1-0

[Event "13. Int. Neckar-Open"]
[Site "Deizisau"]
[Date "2009.??.??"]
[Round "6"]
[White "Gergacz, Attila"]
[Black "Naiditsch, Arkadij"]
[Result "0-1"]
[WhiteElo "2323"]
[BlackElo "2700"]
[PlyCount "101"]
[EventDate "2009.??.??"]
[EventCountry "GER"]

1. e4 e5 2. Nf3 Nc6 3. Bb5 a6 4. Bxc6 dxc6 5. O-O f6 6. d4 exd4 7. Nxd4 c5 8.
Ne2 Qxd1 9. Rxd1 Bd7 10. Nbc3 O-O-O 11. Be3 Re8 12. f3 f5 13. Kf2 Nf6 14. Ng3
fxe4 15. Ncxe4 Nxe4+ 16. Nxe4 Bf5 17. Ng3 Bg6 18. c3 Bd6 19. Re1 b5 20. a3 Kb7
21. Bg5 h6 22. Rxe8 Rxe8 23. Be3 Kc6 24. Rd1 a5 25. Ne2 a4 26. g3 Bf7 27. Rd2
Bc4 28. Bf4 Rxe2+ 29. Rxe2 Bxf4 30. gxf4 Bxe2 31. Kxe2 Kd5 32. Kd3 h5 33. h3 h4
34. f5 Ke5 35. Ke3 Kxf5 36. f4 Ke6 37. Kf3 Kd5 38. Kg4 Kc4 39. Kg5 Kb3 40. Kg6
Kxb2 41. Kxg7 b4 42. cxb4 cxb4 43. f5 bxa3 44. f6 a2 45. f7 a1=Q 46. f8=Q a3
47. Kh6 Qc1+ 48. Kh5 Qd1+ 49. Kxh4 Qd4+ 50. Kg5 a2 51. Qb8+ 0-1

[Event "13. Int. Neckar-Open"]
[Site "Deizisau"]
[Date "2009.??.??"]
[Round "6"]
[White "Gyimesi, Zoltan"]
[Black "Klovans, Janis"]
[Result "1/2-1/2"]
[WhiteElo "2581"]
[BlackElo "2415"]
[PlyCount "103"]
[EventDate "2009.??.??"]
[EventCountry "GER"]

1. d4 Nf6 2. c4 e6 3. Nc3 d5 4. cxd5 exd5 5. Bg5 Be7 6. e3 c6 7. Bd3 O-O 8. Qc2
Nbd7 9. Nf3 Re8 10. h3 Nf8 11. Bf4 Bd6 12. Bxd6 Qxd6 13. O-O-O Be6 14. Kb1 Rac8
15. Rc1 b6 16. Ne5 N6d7 17. f4 f6 18. Nf3 Bf7 19. Qd2 b5 20. Bf5 Rb8 21. Bxd7
Nxd7 22. g4 Nb6 23. Qd3 Nc4 24. Rhe1 a5 25. Ka1 a4 26. Re2 Rb7 27. Rce1 Rbe7
28. Nh4 Qb4 29. Nd1 Re6 30. Qc3 Qxc3 31. bxc3 g5 32. fxg5 fxg5 33. Nf3 h6 34.
Nd2 Bg6 35. Nxc4 bxc4 36. Kb2 Bd3 37. Rf2 Rb8+ 38. Ka3 Rb1 39. Rd2 Rf6 40. Rh1
Be4 41. Rhh2 Rc1 42. Kb2 Rb1+ 43. Ka3 Rc1 44. Kxa4 Bf3 45. Nb2 Rxc3 46. Kb4
Rxe3 47. Na4 Rf8 48. Nb6 Rb8 49. Kc5 c3 50. Rdf2 Bd1 51. Nd7 Ra8 52. Ne5
1/2-1/2

[Event "13. Int. Neckar-Open"]
[Site "Deizisau"]
[Date "2009.??.??"]
[Round "6"]
[White "Graf, Alexander"]
[Black "Bogner, Sebastian"]
[Result "1-0"]
[WhiteElo "2601"]
[BlackElo "2511"]
[PlyCount "109"]
[EventDate "2009.??.??"]
[EventCountry "GER"]

1. d4 d5 2. c4 c6 3. Nc3 Nf6 4. cxd5 cxd5 5. Bf4 Nc6 6. e3 a6 7. Rc1 Bg4 8. f3
Bd7 9. Bd3 e6 10. Bg3 Nh5 11. Bf2 Bd6 12. f4 Nf6 13. Bh4 Qb6 14. Bxf6 gxf6 15.
Qd2 Qa5 16. Nf3 Rc8 17. O-O f5 18. a3 h5 19. Be2 h4 20. Rc2 Kf8 21. Rfc1 Kg7
22. Ne1 Na7 23. Nd3 Qb6 24. b4 Nb5 25. Nc5 Nxc3 26. Rxc3 Rc7 27. R1c2 Bb5 28.
a4 Bxe2 29. Qxe2 a5 30. b5 Re7 31. Qe1 Qd8 32. Qc1 Rg8 33. Nd3 Ree8 34. Ne1 Qe7
35. Nf3 Qf6 36. Rc8 Rxc8 37. Rxc8 Rxc8 38. Qxc8 Qe7 39. b6 h3 40. gxh3 f6 41.
h4 Qf7 42. Kf2 Bf8 43. Qc3 Bb4 44. Qc7 Qe7 45. h5 Kh6 46. Qc8 Kxh5 47. Qh8+ Kg6
48. Qg8+ Kh6 49. h4 Kh5 50. Qh8+ Kg6 51. h5+ Kf7 52. h6 Kg6 53. Nh4+ Kh5 54.
Qg7 Be1+ 55. Kf3 1-0

[Event "13. Int. Neckar-Open"]
[Site "Deizisau"]
[Date "2009.??.??"]
[Round "6"]
[White "Stark, Lars"]
[Black "Malakhatko, Vadim"]
[Result "1/2-1/2"]
[WhiteElo "2438"]
[BlackElo "2618"]
[PlyCount "108"]
[EventDate "2009.??.??"]
[EventCountry "GER"]

1. c4 Nf6 2. g3 c6 3. Bg2 d5 4. Qa4 Nbd7 5. cxd5 cxd5 6. Nc3 e6 7. Nf3 Be7 8.
O-O O-O 9. d3 a6 10. Be3 b6 11. Rfc1 Bb7 12. b4 Re8 13. Qb3 Bd6 14. b5 Nc5 15.
Qd1 Qe7 16. h3 h6 17. Nd4 axb5 18. Ndxb5 Bb8 19. a4 Rc8 20. Bd4 Ncd7 21. Be3
Nc5 22. Bd4 Qd8 23. Be3 Qd7 24. Kh2 h5 25. Kg1 h4 26. g4 Nh7 27. d4 Na6 28. Qd2
Nf8 29. Bf4 Ng6 30. Bxb8 Nxb8 31. Qg5 Nc6 32. f4 Nce7 33. Rf1 f6 34. Qh5 f5 35.
Qg5 Rf8 36. Bf3 Rf6 37. e3 Raf8 38. Rf2 Bc6 39. Rg2 Bxb5 40. Nxb5 Qc6 41. Bd1
Qc4 42. Bc2 Qb4 43. Kh1 Rc8 44. Rb1 Qa5 45. Bb3 Rc6 46. Qh5 Qa8 47. Rbg1 Qa5
48. Rb1 Qa8 49. Rbg1 Qd8 50. Kh2 Qd7 51. Qg5 Rf8 52. Qh5 Rf6 53. Qg5 Rf8 54.
Qh5 Rf6 1/2-1/2

[Event "13. Int. Neckar-Open"]
[Site "Deizisau"]
[Date "2009.??.??"]
[Round "6"]
[White "Dziuba, Marcin"]
[Black "Swinkels, Robin"]
[Result "1/2-1/2"]
[WhiteElo "2535"]
[BlackElo "2499"]
[PlyCount "131"]
[EventDate "2009.??.??"]
[EventCountry "GER"]

1. d4 Nf6 2. c4 g6 3. Nc3 d5 4. Bf4 Bg7 5. e3 c5 6. dxc5 Qa5 7. Rc1 dxc4 8.
Bxc4 O-O 9. Nf3 Qxc5 10. Bb3 Nc6 11. O-O Qa5 12. h3 Bf5 13. Qe2 Ne4 14. Nd5 e5
15. Bh2 Be6 16. Nc3 Bxb3 17. axb3 Nc5 18. Qc4 Qb4 19. Qxb4 Nxb4 20. Bxe5 Nxb3
21. Bxg7 Kxg7 22. Rcd1 Rfd8 23. Nd4 Nc5 24. Rd2 Rd7 25. Rfd1 Rad8 26. f3 Kf6
27. Kf2 a5 28. Ke2 Ke7 29. g4 h6 30. h4 Kf6 31. f4 h5 32. gxh5 gxh5 33. e4 Ncd3
34. e5+ Kg6 35. f5+ Kh7 36. Nf3 Nxe5 37. Nxe5 Rxd2+ 38. Rxd2 Re8 39. Kf3 Rxe5
40. Kf4 Nc6 41. Ne4 Rb5 42. Rd7 Kg7 43. Rxf7+ Kxf7 44. Nd6+ Kf6 45. Nxb5 Ne5
46. Nd6 Nd3+ 47. Ke4 Nxb2 48. Nxb7 a4 49. Kd4 a3 50. Kc3 Nc4 51. Nc5 Nd6 52.
Kb3 Nb5 53. Ne6 Kxf5 54. Nf8 Nd4+ 55. Kxa3 Nf3 56. Kb3 Nxh4 57. Kc3 Ng2 58. Kd2
h4 59. Ke2 Kg4 60. Kf2 Nf4 61. Nd7 h3 62. Ne5+ Kf5 63. Nf3 Nh5 64. Kg1 Kg4 65.
Kh2 Kxf3 66. Kxh3 1/2-1/2

[Event "13. Int. Neckar-Open"]
[Site "Deizisau"]
[Date "2009.??.??"]
[Round "6"]
[White "Rau, Hannes"]
[Black "Erdos, Viktor"]
[Result "1-0"]
[WhiteElo "2425"]
[BlackElo "2581"]
[PlyCount "148"]
[EventDate "2009.??.??"]
[EventCountry "GER"]

1. d4 d5 2. c4 dxc4 3. Nf3 a6 4. e3 Nf6 5. Bxc4 b5 6. Be2 Bb7 7. O-O e6 8. a4
b4 9. Nbd2 c5 10. b3 Nbd7 11. Bb2 Be7 12. Rc1 O-O 13. Qc2 Rc8 14. Qb1 Rc7 15.
Nc4 Be4 16. Bd3 Bxf3 17. gxf3 Nd5 18. Bxh7+ Kh8 19. Be4 Nc3 20. Bxc3 bxc3 21.
d5 exd5 22. Bxd5 Bf6 23. Rfd1 Qe7 24. f4 Rb8 25. Be4 Nb6 26. Na5 Qe6 27. Bf5
Qe8 28. Qd3 c4 29. Qd6 Qe7 30. Nxc4 Nxc4 31. bxc4 Qxd6 32. Rxd6 a5 33. Bd3 Rb4
34. Ra6 Rc8 35. Rxa5 Rb2 36. Bf5 Rd8 37. Rd5 Ra8 38. Bd3 g6 39. a5 Ra2 40. e4
Bh4 41. Rc2 R8xa5 42. Rxa5 Rxa5 43. Rxc3 Bf6 44. Rc2 Bd4 45. Be2 g5 46. c5 Bxc5
47. fxg5 Kg7 48. Kg2 Bd6 49. h4 f6 50. Rd2 Be5 51. gxf6+ Kxf6 52. Rd5 Ra4 53.
Bd3 Ke6 54. Kf3 Ra1 55. Bc4 Kf6 56. Rd7 Rh1 57. Rf7+ Kg6 58. Rf5 Bc3 59. h5+
Kh6 60. e5 Re1 61. e6 Bb4 62. Be2 Rc1 63. Ke4 Rc6 64. Rf6+ Kg7 65. Rg6+ Kh8 66.
f4 Be7 67. f5 Rb6 68. Bc4 Rb4 69. Kd5 Rb1 70. f6 Rd1+ 71. Ke4 Bc5 72. Bd3 Re1+
73. Kd5 Ba3 74. f7 Rg1 1-0

[Event "13. Int. Neckar-Open"]
[Site "Deizisau"]
[Date "2009.??.??"]
[Round "7"]
[White "Strohhaeker, Raoul"]
[Black "Dziuba, Marcin"]
[Result "0-1"]
[WhiteElo "2449"]
[BlackElo "2535"]
[PlyCount "82"]
[EventDate "2009.??.??"]
[EventCountry "GER"]

1. e4 c5 2. Nf3 d6 3. d4 cxd4 4. Nxd4 Nf6 5. Nc3 a6 6. g3 e5 7. Nb3 Be7 8. Bg2
b5 9. O-O Nbd7 10. Bd2 O-O 11. a4 b4 12. Nd5 Nxd5 13. exd5 a5 14. c3 bxc3 15.
Bxc3 Qb6 16. Ra3 Bd8 17. Qd2 Qa7 18. Rb1 Bb6 19. Nc1 Nf6 20. Nd3 Bf5 21. Rf1
Ng4 22. Rb3 Bxd3 23. Qxd3 Nxf2 24. Qe2 Ne4+ 25. Kh1 Nc5 26. Ra3 f5 27. b4 Nd7
28. b5 g6 29. Bd2 Nf6 30. Rc3 Bc5 31. Bg5 e4 32. Bxf6 Rxf6 33. g4 Raf8 34. gxf5
gxf5 35. Rg3+ Kh8 36. Rg5 Be3 37. Rh5 Qd4 38. Rd1 Qxa4 39. Rb1 Bb6 40. Rc1 Qd4
41. Bh3 Rg6 0-1

[Event "13. Int. Neckar-Open"]
[Site "Deizisau"]
[Date "2009.??.??"]
[Round "7"]
[White "Peralta, Fernando"]
[Black "Graf, Alexander"]
[Result "1-0"]
[WhiteElo "2559"]
[BlackElo "2601"]
[PlyCount "61"]
[EventDate "2009.??.??"]
[EventCountry "GER"]

1. d4 Nf6 2. c4 e6 3. Nc3 Bb4 4. e3 O-O 5. Bd3 c5 6. Nf3 d5 7. O-O Nc6 8. a3
Bxc3 9. bxc3 Qc7 10. Bb2 Na5 11. cxd5 exd5 12. Ne5 c4 13. Bc2 Ne4 14. f3 Nd6
15. a4 f6 16. Ba3 Re8 17. Ng4 Bxg4 18. fxg4 Ne4 19. Bxe4 Rxe4 20. g5 fxg5 21.
Ra2 g4 22. Raf2 h6 23. Rf8+ Rxf8 24. Rxf8+ Kh7 25. Qf1 Qd7 26. Rf7 Qe6 27. Bf8
Nc6 28. Rxg7+ Kh8 29. Rf7 Rxe3 30. Rf6 Qe4 31. Rxh6+ 1-0

[Event "13. Int. Neckar-Open"]
[Site "Deizisau"]
[Date "2009.??.??"]
[Round "7"]
[White "Farago, Ivan"]
[Black "Braun, Arik"]
[Result "1/2-1/2"]
[WhiteElo "2491"]
[BlackElo "2564"]
[PlyCount "69"]
[EventDate "2009.??.??"]
[EventCountry "GER"]

1. d4 d5 2. c4 c6 3. Nf3 dxc4 4. e3 Be6 5. Nbd2 b5 6. a4 a6 7. axb5 cxb5 8. b3
c3 9. Ne4 b4 10. Nc5 Bd5 11. e4 Bc6 12. Ne5 e6 13. Nxa6 Nxa6 14. Bxa6 Ne7 15.
Qh5 g6 16. Qf3 f5 17. Nxc6 Nxc6 18. exf5 Qb6 19. fxe6 Be7 20. Bb5 Rxa1 21.
Bxc6+ Kd8 22. Qd5+ Kc7 23. Qd7+ Kb8 24. O-O Rxc1 25. Rxc1 Qa7 26. Qd5 Rd8 27.
Qb5+ Kc7 28. Bd7 Rf8 29. Qc6+ Kb8 30. Qb5+ Kc7 31. Qe5+ Kd8 32. Qb5 Kc7 33.
Qc6+ Kb8 34. Qb5+ Kc7 35. Qc6+ 1/2-1/2

[Event "13. Int. Neckar-Open"]
[Site "Deizisau"]
[Date "2009.??.??"]
[Round "7"]
[White "Malakhatko, Vadim"]
[Black "Rau, Hannes"]
[Result "1/2-1/2"]
[WhiteElo "2618"]
[BlackElo "2425"]
[PlyCount "32"]
[EventDate "2009.??.??"]
[EventCountry "GER"]

1. d4 Nf6 2. c4 e6 3. Nf3 d5 4. Nc3 Be7 5. Bg5 O-O 6. e3 Nbd7 7. Rc1 c6 8. Bd3
dxc4 9. Bxc4 Nd5 10. Bxe7 Qxe7 11. Ne4 N5f6 12. Ng3 c5 13. O-O b6 14. e4 Bb7
15. Qe2 cxd4 16. Nxd4 Ne5 1/2-1/2

[Event "13. Int. Neckar-Open"]
[Site "Deizisau"]
[Date "2009.??.??"]
[Round "7"]
[White "Swinkels, Robin"]
[Black "Fedorchuk, Sergey"]
[Result "1/2-1/2"]
[WhiteElo "2499"]
[BlackElo "2656"]
[PlyCount "136"]
[EventDate "2009.??.??"]
[EventCountry "GER"]

1. e4 e5 2. Nf3 Nc6 3. Bb5 a6 4. Bxc6 dxc6 5. O-O Qf6 6. d4 exd4 7. Bg5 Qd6 8.
Nxd4 Bd7 9. Nc3 Ne7 10. Bh4 O-O-O 11. Bg3 Qf6 12. Qh5 g5 13. Nf3 Rg8 14. Qxh7
g4 15. Ne5 Be6 16. Qh4 Qg7 17. f4 gxf3 18. Rxf3 Ng6 19. Nxg6 Qxg6 20. Qf4 Bd6
21. Qe3 b6 22. Kh1 Kb7 23. Raf1 Rg7 24. Rf6 Qg4 25. Qf3 Bxg3 26. Qxg4 Rxg4 27.
hxg3 Rxg3 28. R6f2 Rg4 29. Kg1 b5 30. a3 a5 31. Rf4 Rg5 32. Rd1 Rdg8 33. Rd2 a4
34. Nd1 Rg3 35. Kh2 c5 36. Nc3 c6 37. e5 R3g5 38. Ne4 Rxe5 39. Nd6+ Kb6 40.
Nxf7 Rh5+ 41. Kg1 Bd5 42. Nd6 Re5 43. c4 Re1+ 44. Kh2 Rh8+ 45. Kg3 Rg8+ 46. Kh2
Re6 47. Nxb5 Bxg2 48. Rxg2 Rxg2+ 49. Kxg2 cxb5 50. cxb5 Kxb5 51. Kf2 Rh6 52.
Ke3 Rh2 53. Rf8 Kc4 54. Rb8 Rg2 55. Rb7 Rc2 56. Rb6 Rh2 57. Rb8 Rh3+ 58. Kd2
Rb3 59. Rxb3 Kxb3 60. Kc1 c4 61. Kb1 c3 62. bxc3 Kxc3 63. Ka2 Kc2 64. Ka1 Kb3
65. Kb1 Kxa3 66. Ka1 Kb3 67. Kb1 a3 68. Ka1 a2 1/2-1/2